Paroles "Obvious" de Rilès et TIF - Statistiques

Statistiques générales
  • Ce quiz a été pris 36 fois
  • Le résultat moyen est 329 sur 415
Statistiques - réponses
Réponse % Correct
à
100%
A
100%
a
100%
ai
100%
amour
100%
as
100%
c'
100%
C'
100%
Ca
100%
ça
100%
d'
100%
D'
100%
dix
100%
doigts
100%
en
100%
fait
100%
I
100%
il
100%
j'
100%
J'
100%
je
100%
Je
100%
jour
100%
jours
100%
l'
100%
le
100%
les
100%
m'
100%
manqué
100%
me
100%
mes
100%
n'
100%
100%
plus
100%
qu'
100%
que
100%
si
100%
Si
100%
t'
100%
to
100%
Tu
100%
tu
100%
un
100%
compter
96%
cours
96%
de
96%
De
96%
faudrait
96%
in
96%
intérieur
96%
iras
96%
noir
96%
quoi
96%
sert
96%
te
96%
Ton
96%
tour
96%
cœur
91%
donner
91%
es
91%
oublie
91%
défaut
87%
est
87%
faire
87%
mille
87%
mon
87%
non
87%
oublier
87%
oui
87%
avec
83%
bonne
83%
ce
83%
comme
83%
énergie
83%
for
83%
my
83%
pour
83%
reviendrai
83%
same
83%
shit
83%
What
83%
you
83%
You
83%
aspirer
78%
défiler
78%
devais
78%
Ensuite
78%
façon
78%
finement
78%
la
78%
Mais
78%
mais
78%
prénom
78%
toute
78%
virements
78%
arrive
74%
berline
74%
chaque
74%
des
74%
did
74%
donc
74%
feelings
74%
fois
74%
just
74%
l'heure
74%
love
74%
même
74%
ne
74%
surnoms
74%
Ta
74%
temps
74%
vitres
74%
your
74%
Biatch
70%
change
70%
change,
70%
forget
70%
how
70%
humeur
70%
inventé
70%
know
70%
midnight
70%
not
70%
Not
70%
on
70%
préféré
70%
qui
70%
tiens
70%
trynna
70%
bien
65%
capté
65%
comment
65%
finira
65%
idiot
65%
mean ?
65%
millions
65%
only
65%
sait
65%
très
65%
with
65%
after
61%
But
61%
can't
61%
first
61%
it's
61%
It's
61%
jouer
61%
pas
61%
signaux
61%
the
61%
time
61%
truc
61%
Whatever
61%
aucune
57%
disait
57%
Elle
57%
familia
57%
fonder
57%
I'm
57%
peine
57%
played
57%
rancunière
57%
une
57%
vouloir
57%
when
57%
Who
57%
he
52%
mind
52%
obvious
52%
parole
52%
peace
52%
suffit
52%
won't
52%
again
48%
heure
48%
lose
48%
never
48%
see
48%
She
48%
came
43%
Didn't
43%
était
43%
friends
43%
go
43%
kept
43%
lying,
43%
lying
43%
cramé
39%
fool
39%
inside
39%
instinct
39%
like
39%
run
35%
And
30%
fan
30%
3iniya
26%
always
26%
let
26%
nothing
26%
song
26%
don't
22%
hiding
22%
start
22%
tintée
22%
wanna
22%
What's
22%
you're
22%
got
17%
secrets
17%
would
17%
from
13%
right
13%
even
9%
known
9%
should've
9%
Well
9%
Wathever
4%
Aucun quiz correspondant
Distribution des résultats
% des personnes avec chaque résultat
Percentile par nombre de réponses
Votre historique - résultats
Vous n’avez pas pris ce quiz